[Event "Let's Play Chess!"]
[Site "http://www.queenalice.com/game.php?id=1417420"]
[Date "2016.4.9"]
[Round "-"]
[White "reiterqueen"]
[Black "christine91"]
[Result "0-1"]
[WhiteElo "1206"]
[BlackElo "1786"]

1. e4 e5 2. d3 Nf6 3. Be3 Be7 4. Nf3 O-O 5. Nxe5 d6 6. Nc4 Nc6 7. Be2 Be6 8. O-O
Ne5 9. Na5 b6 10. Nb7 Qc8 11. d4 Qxb7 12. dxe5 Qxe4 13. Nc3 Qxe5 14. Bd3 Nd5 15.
f4 Qxe3+ 16. Rf2 Nxf4 17. Qf3 Qxf3 18. Rxf3 Nxd3 19. Rxd3 Bf5 20. Rf3 Bxc2 21.
Re1 Bf6 22. Nd5 Bd4+ 23. Kf1 c6 24. Ne7+ Kh8 25. Ke2 Rae8 26. Kd2 Ba4 27. b3 Bb5
28. Rf4 Be5 29. Ng6+ fxg6 30. Rxf8+ Rxf8 31. Re4 Rf2+ 32. Re2 Rxe2+ 33. Kd1 Rxg2
34. a4 Be2+ 35. Kc2 Rxh2 36. b4 Rh3 37. Kd2 Bc4 38. Kc2 Kg8 0-1

[Event "Fla x Flu"]
[Site "http://www.queenalice.com/game.php?id=1417823"]
[Date "2016.4.11"]
[Round "-"]
[White "uegfelipe"]
[Black "reiterqueen"]
[Result "0-1"]
[WhiteElo "1327"]
[BlackElo "1362"]

1. e4 e5 2. Nf3 d6 3. d3 Nf6 4. c4 c5 5. Nc3 Be7 6. Be3 h6 7. Be2 Nc6 8. a4 Nb4
9. b3 Ng4 10. h3 Nxe3 11. fxe3 Bh4+ 12. Nxh4 g5 13. Nf3 O-O 14. O-O g4 15. hxg4
Bxg4 0-1

[Event "Vamos dançar no tabuleiro?"]
[Site "http://www.queenalice.com/game.php?id=1417824"]
[Date "2016.4.11"]
[Round "-"]
[White "uegfelipe"]
[Black "reiterqueen"]
[Result "0-1"]
[WhiteElo "1330"]
[BlackElo "1354"]

1. d4 Nc6 2. Nf3 d5 3. b3 Bf5 4. Nc3 Nb4 5. e4 dxe4 6. Ne5 Nf6 7. Ba3 Bg4 8. Be2
Bf5 9. Bxb4 e6 10. a3 Bd6 11. Nb5 Rc8 12. Nxa7 Ra8 13. Bc5 e3 14. Bb5+ Kf8 15.
g4 Bxg4 16. Be2 Bh3 17. Nb5 Ne4 18. Qd3 exf2+ 19. Kd1 Qh4 0-1

[Event "Let's Play Chess!"]
[Site "http://www.queenalice.com/game.php?id=1417841"]
[Date "2016.4.11"]
[Round "-"]
[White "reiterqueen"]
[Black "paolop69"]
[Result "1-0"]
[WhiteElo "1246"]
[BlackElo "1763"]

1. e4 e5 2. d3 d6 3. Nf3 c6 4. Be2 h6 5. O-O Be7 6. b3 Bh4 7. Ba3 Be6 8. d4 Bg4
9. Nxh4 Bxe2 10. Qxe2 Qxh4 11. Bxd6 Nd7 12. dxe5 g6 13. e6 fxe6 14. g3 Qh5 15.
Qxh5 gxh5 16. Nd2 Ngf6 17. e5 Nd5 18. f4 Ne3 19. Rfc1 Nf5 20. Bb4 Nd4 21. Kg2 c5
22. Bc3 Ne2 23. Ne4 Nxc1 24. Rxc1 Ke7 25. b4 c4 26. b5 b6 27. Bb4+ Nc5 28. Kf3
Rhg8 29. Nf6 Rg7 30. Nxh5 Rd8 31. Nxg7 Kf7 32. Nh5 Rg8 33. Rd1 Ra8 34. Rd4 a5
35. Ba3 c3 36. f5 exf5 37. Bc1 Ne6 38. Rd6 Ng5+ 39. Ke2 Ne4 40. Rxh6 Rd8 41. e6+
Ke7 42. Ba3+ Nc5 43. Bc1 Ne4 44. Be3 Nf6 45. Rxf6 Rd5 46. a4 1-0

[Event "Let's Play Chess!"]
[Site "http://www.queenalice.com/game.php?id=1417872"]
[Date "2016.4.12"]
[Round "-"]
[White "tucuman"]
[Black "reiterqueen"]
[Result "1-0"]
[WhiteElo "1700"]
[BlackElo "1313"]

1. e4 e5 2. Bc4 h6 3. d3 Bb4+ 4. Bd2 Nc6 5. Bxb4 Nxb4 6. a3 Nc6 7. h3 a6 8. Qf3
Nf6 9. Qd1 Nd4 10. Nf3 Nxf3+ 11. Qxf3 b5 12. Ba2 d6 13. O-O O-O 14. Nc3 a5 15.
b4 a4 16. Nd5 Nxd5 17. Bxd5 Ra6 18. c3 Bd7 19. Ba2 Be6 20. Bxe6 Rc6 21. Bd5 Rxc3
22. Rfc1 Rxc1+ 23. Rxc1 Qc8 24. Rc2 Qd7 25. Bc6 Qe6 26. Bd5 Qc8 27. Qe3 c5 28.
bxc5 dxc5 29. Rxc5 Qd8 30. Rxb5 Qe7 31. Qc5 Qg5 32. Rb7 Qd2 33. Bc4 Qe1+ 34. Kh2
h5 35. Qa7 g5 36. Rxf7 g4 37. Rh7+ Rf7 38. Qxf7# 1-0

[Event "Let's Play Chess!"]
[Site "http://www.queenalice.com/game.php?id=1417876"]
[Date "2016.4.12"]
[Round "-"]
[White "tucuman"]
[Black "reiterqueen"]
[Result "1-0"]
[WhiteElo "1697"]
[BlackElo "1276"]

1. e4 e5 2. Bc4 h6 3. d3 d6 4. h3 Nf6 5. Nf3 Nc6 6. Nc3 b6 7. a3 Nd7 8. Nh2 Nd4
9. Be3 Nc5 10. Bxd4 exd4 11. Ne2 Be7 12. Nxd4 Bb7 13. O-O Na4 14. Rb1 Bh4 15.
Nhf3 Bc8 16. Nh2 c5 17. Nhf3 Bg5 18. Nxg5 hxg5 19. Qf3 cxd4 20. Qxf7# 1-0

[Event "Let's Play Chess!"]
[Site "http://www.queenalice.com/game.php?id=1417877"]
[Date "2016.4.12"]
[Round "-"]
[White "reiterqueen"]
[Black "Paulo_Fernando"]
[Result "0-1"]
[WhiteElo "1283"]
[BlackElo "1221"]

1. e4 c6 2. d4 d5 3. e5 Bf5 4. Bg5 Qc7 5. Nf3 e6 6. Nbd2 Nd7 7. Be2 Ne7 8. Nh4
Bg6 9. c4 c5 10. cxd5 Nxd5 11. Bb5 a6 12. Bc4 N7b6 13. Bb3 cxd4 14. Nhf3 Be7 15.
O-O O-O 16. Bxe7 Nxe7 17. Qe1 Bd3 18. Qc1 Qd7 19. Re1 Rac8 20. Qd1 Nc6 21. Ng5
Qe7 22. Ndf3 Bg6 23. Bc2 Nxe5 24. Rxe5 Bxc2 25. Qxd4 Nd7 26. Ree1 Rfd8 27. Qa7
Nf6 28. a4 h6 29. Nd4 hxg5 30. Nxc2 Rxc2 31. Rab1 Qd7 32. b3 Qd2 33. Rf1 Qd5 34.
Rbd1 Qxd1 35. Qxb7 Qxf1+ 36. Kxf1 Rd1# 0-1

[Event "Let's Play Chess!"]
[Site "http://www.queenalice.com/game.php?id=1417878"]
[Date "2016.4.12"]
[Round "-"]
[White "Paulo_Fernando"]
[Black "reiterqueen"]
[Result "1-0"]
[WhiteElo "1195"]
[BlackElo "1272"]

1. d4 d5 2. c4 dxc4 3. Nc3 a6 4. a4 Nc6 5. e3 Na5 6. Nf3 Nb3 7. Rb1 Bf5 8. e4
Bg4 9. d5 b5 10. axb5 a5 11. Be3 Nf6 12. Bxc4 Nc5 13. Bxc5 a4 14. Ra1 Bd7 15.
O-O c6 16. bxc6 Bc8 17. Rxa4 Rxa4 18. Qxa4 g6 19. c7+ Qd7 20. Bb5 Nxe4 21. Bxd7+
Bxd7 22. c8=Q# 1-0

[Event "Let's Play Chess!"]
[Site "http://www.queenalice.com/game.php?id=1418209"]
[Date "2016.4.16"]
[Round "-"]
[White "reiterqueen"]
[Black "christine91"]
[Result "0-1"]
[WhiteElo "1274"]
[BlackElo "1878"]

1. e4 e5 2. d3 Nf6 3. b3 Be7 4. Be2 O-O 5. Nf3 d6 6. O-O Bg4 7. Bg5 Nc6 8. c3
Ne8 9. Be3 f5 10. exf5 Bxf5 11. Nbd2 Nf6 12. Nc4 Bg6 13. Nh4 Qe8 14. a4 Bf7 15.
Nf5 Be6 16. Bg4 Nxg4 17. Qxg4 Bxf5 18. Qd1 Qg6 19. g3 Bxd3 20. Re1 Be4 21. Qe2
Bf3 22. Qf1 e4 23. Nd2 Bg4 24. Qc4+ Kh8 25. Nxe4 Ne5 26. Qxc7 Qh5 27. Nd2 Bf3
28. Qxe7 Qh3 29. Nxf3 Nxf3+ 30. Kh1 Qxh2# 0-1

[Event "Let's Play Chess!"]
[Site "http://www.queenalice.com/game.php?id=1418357"]
[Date "2016.4.15"]
[Round "-"]
[White "pecice"]
[Black "reiterqueen"]
[Result "1-0"]
[WhiteElo "1434"]
[BlackElo "1386"]

1. e4 e5 2. Nf3 d6 3. Be2 Nf6 4. d3 Nc6 5. O-O Nb4 6. c3 d5 7. cxb4 dxe4 8. dxe4
Nxe4 9. Nxe5 Bxb4 10. Qxd8+ Kxd8 11. Nxf7+ Ke7 12. Nxh8 Bc5 13. Bc4 Bxf2+ 14.
Rxf2 Nxf2 15. Kxf2 Bg4 16. Nf7 Re8 17. Bg5+ Kf8 18. Nc3 h5 19. Re1 Rd8 20. Bxd8
c5 21. Nd6 b6 22. Re8# 1-0

[Event "Let's Play Chess!"]
[Site "http://www.queenalice.com/game.php?id=1418463"]
[Date "2016.4.16"]
[Round "-"]
[White "reiterqueen"]
[Black "igorjava"]
[Result "0-1"]
[WhiteElo "1304"]
[BlackElo "1826"]

1. e4 c5 2. Bc4 Nc6 3. d3 e6 4. Nf3 h6 5. Bf4 d6 6. Bb5 a6 7. Bc4 Na5 8. Na3 b5
9. Nxb5 axb5 10. Bxb5+ Bd7 11. Bxd7+ Qxd7 12. d4 cxd4 13. Nxd4 e5 14. Ne2 exf4
15. Nxf4 Qc6 16. b4 Nb7 17. Nd5 Ne7 18. e5 Nxd5 19. e6 fxe6 20. Qh5+ Ke7 21. Kd2
Qc3+ 22. Ke2 Nf4+ 0-1

[Event "Let's Play Chess!"]
[Site "http://www.queenalice.com/game.php?id=1419480"]
[Date "2016.4.23"]
[Round "-"]
[White "reiterqueen"]
[Black "charles31"]
[Result "0-1"]
[WhiteElo "1311"]
[BlackElo "1876"]

1. e4 e5 2. d3 Nc6 3. Nc3 Bb4 4. Bd2 a6 5. Be2 Nf6 6. Nf3 h6 7. O-O d6 8. a3 Ba5
9. b4 Bb6 10. Nh4 Nxe4 11. Ng6 Nxc3 12. Bxc3 fxg6 13. Bf3 Bd7 14. Bd2 Qf6 15.
Be3 Nd4 16. c3 Nxf3+ 17. Qxf3 Bxe3 18. fxe3 Rf8 19. Qxb7 Qd8 20. c4 c6 0-1

[Event "Let's Play Chess!"]
[Site "http://www.queenalice.com/game.php?id=1419496"]
[Date "2016.4.23"]
[Round "-"]
[White "carlosufpe"]
[Black "reiterqueen"]
[Result "0-1"]
[WhiteElo "1643"]
[BlackElo "1302"]

1. d4 d5 2. e3 e6 3. Nf3 Bb4+ 4. c3 Ba5 5. Nbd2 Nf6 6. Qa4+ Nc6 7. Ne5 Bd7 8.
Nxc6 Bxc6 9. Qxa5 Ng4 10. h3 Qh4 11. g3 Qh6 12. Bg2 f5 13. O-O O-O 14. hxg4 fxg4
15. c4 a6 16. cxd5 exd5 17. Qxc7 Rf7 18. Qb6 Raf8 19. Qb3 Bb5 20. Re1 Rxf2 21.
a4 Be2 22. Nf3 Bc4 23. Qxb7 R8xf3 24. Qc8+ Rf8 25. Qxg4 R8f3 26. Qe6+ Qxe6 0-1

[Event "Let's Play Chess!"]
[Site "http://www.queenalice.com/game.php?id=1419498"]
[Date "2016.4.23"]
[Round "-"]
[White "reiterqueen"]
[Black "carlosufpe"]
[Result "0-1"]
[WhiteElo "1332"]
[BlackElo "1616"]

1. e4 d6 2. d3 Nf6 3. Nf3 e5 4. Be2 Bg4 5. h3 Bxf3 6. Bxf3 Be7 7. Bd2 O-O 8. Nc3
c6 9. Bg5 Ne8 10. Be3 Bg5 11. d4 Bxe3 12. Bh5 Bxd4 13. Qf3 Bxc3+ 14. Qxc3 Nf6
15. Bf3 Nbd7 16. O-O Qc7 17. Be2 Nxe4 18. Qe3 Nef6 19. Rad1 d5 20. b4 d4 21. Qb3
b5 22. Bd3 a6 23. Bf5 Nb6 24. Be6 fxe6 25. Qxe6+ Kh8 26. Rde1 Nc4 27. Rd1 a5 28.
a4 axb4 29. Ra1 Nd2 30. Rfe1 Nde4 31. Re2 Rxa4 32. Rb1 Nc3 33. Qxe5 Qxe5 34.
Rxe5 Nxb1 35. f4 Nd5 36. f5 Ne3 37. g4 Nxc2 38. h4 Ne3 39. Re7 Nxg4 40. h5 Raa8
41. Kg2 Rac8 42. Kg3 Nf6 43. Kh4 d3 0-1

[Event "Penne"]
[Site "http://www.queenalice.com/game.php?id=1420660"]
[Date "2016.5.1"]
[Round "-"]
[White "magalhaes_br"]
[Black "reiterqueen"]
[Result "1-0"]
[WhiteElo "1312"]
[BlackElo "1292"]

1. c4 e5 2. Nc3 Bc5 3. Nh3 d6 4. e3 Nf6 5. f3 Nc6 6. a3 Bf5 7. e4 Be6 8. d3 Nd4
9. g4 a5 10. Na4 b6 11. Bg2 b5 12. Nxc5 1-0

[Event "Fusilli "]
[Site "http://www.queenalice.com/game.php?id=1420662"]
[Date "2016.5.1"]
[Round "-"]
[White "magalhaes_br"]
[Black "reiterqueen"]
[Result "1-0"]
[WhiteElo "1295"]
[BlackElo "1309"]

1. c4 b6 2. Na3 Bb7 3. f3 e5 4. e4 Bb4 5. Nb1 Nc6 6. a3 Bc5 7. Ne2 Ba6 8. d3 Nf6
9. Bd2 O-O 10. Nbc3 Nd4 11. Nd5 1-0

[Event "Let's Play Chess!"]
[Site "http://www.queenalice.com/game.php?id=1421000"]
[Date "2016.5.3"]
[Round "-"]
[White "reiterqueen"]
[Black "Sergio50"]
[Result "0-1"]
[WhiteElo "1371"]
[BlackElo "1392"]

1. e4 e5 2. Bc4 f6 3. Qh5+ g6 4. Qf3 Nc6 5. d3 Nd4 6. Qd1 b5 7. Bd5 c6 8. Bxg8
Rxg8 9. c3 Qa5 10. Bd2 Ne6 11. c4 Qb6 12. Nf3 Nd4 13. Be3 d6 14. Nc3 a5 15. O-O
h5 16. a4 bxa4 17. Rxa4 Qxb2 18. Bd2 g5 19. Ra2 Qb6 20. Na4 Qc7 21. Rb2 Rb8 22.
Nxd4 exd4 23. Rc2 d5 24. Qxh5+ Kd8 25. cxd5 Rb5 26. dxc6 Be6 27. Nc3 Qxc6 28.
Nxb5 Qxc2 29. Bxa5+ Ke7 30. Qh7+ Rg7 31. Qh5 Qc5 32. Rb1 Qc2 33. Bb4+ Kd8 34.
Na3 Qxd3 35. Bxf8 Rf7 36. Qh8 Qxe4 37. Re1 Qd5 38. Bg7+ Ke7 39. h3 d3 40. g3 d2
41. Rd1 Qf3 42. Bf8+ Rxf8 43. Qh7+ Bf7 44. Nb5 Qxd1+ 45. Kg2 Qc1 46. Qe4+ Be6
47. Qb7+ Bd7 48. Qe4+ Kd8 49. h4 Bc6 50. Kf3 Bxe4+ 51. Kxe4 Qb1+ 52. Ke3 d1=Q
53. hxg5 Qdd3+ 54. Kf4 Qe4# 0-1

[Event "Let's Play Chess!"]
[Site "http://www.queenalice.com/game.php?id=1421003"]
[Date "2016.5.3"]
[Round "-"]
[White "reiterqueen"]
[Black "Sergio50"]
[Result "1-0"]
[WhiteElo "1327"]
[BlackElo "1454"]

1. e4 e5 2. Nf3 Bd6 3. Bc4 f6 4. d3 Ne7 5. b3 g5 6. Ba3 Bxa3 7. Nxa3 c6 8. d4
Ng6 9. dxe5 fxe5 10. Qd2 Nf4 11. Nxe5 Rf8 12. Bf7+ Ke7 13. Qb4+ d6 14. Rd1 c5
15. Qc4 Be6 16. Qb5 Kf6 17. Nac4 Bc8 18. Rxd6+ Ke7 19. Rxd8 Kxd8 20. Qxc5 Rh8
21. Qd4+ Kc7 22. Nd6 b6 23. Bd5 Nxg2+ 24. Kf1 Bh3 25. Bxa8 Nd7 26. Bc6 Nxe5 27.
Qxe5 Rd8 28. Qe7+ Bd7 29. Nf7 Kxc6 30. Nxd8+ Kc7 31. Kxg2 Kc8 32. Rd1 1-0

[Event "Challenge"]
[Site "http://www.queenalice.com/game.php?id=1432173"]
[Date "2016.7.18"]
[Round "-"]
[White "reiterqueen"]
[Black "sunking1"]
[Result "1-0"]
[WhiteElo "1369"]
[BlackElo "1383"]

1. e4 e5 2. Nf3 d6 3. d3 Bg4 4. Be2 Nf6 5. O-O Nh5 6. Nc3 Nf4 7. Bxf4 exf4 8. d4
h5 9. Bb5+ c6 10. Bc4 f6 11. Qe1 Be7 12. a3 Nd7 13. Nh4 Nb6 14. Ng6 Rh6 15. Nxf4
Nxc4 16. b3 Nb6 17. f3 Bxf3 18. Rxf3 h4 19. Ne6 Qd7 20. Nxg7+ Kf7 21. Nf5 Rh5
22. g4 Rg5 23. Qxh4 c5 24. Qh7+ Ke6 25. Re1 Re8 26. Ng7+ Kf7 27. Nxe8+ Kxe8 28.
e5 Rxg4+ 29. Rg3 Rxg3+ 30. hxg3 Kd8 31. e6 Qe8 32. Qe4 d5 33. Nxd5 Nxd5 34.
Qxd5+ Kc7 35. dxc5 b6 36. b4 Qc6 37. Rd1 Qxd5 38. Rxd5 Kc6 39. Rd7 Bd6 40. Rxa7
bxc5 41. e7 Bxe7 42. Rxe7 f5 43. c3 cxb4 44. axb4 Kb5 45. Re5+ Kc4 46. Rxf5 Kxc3
47. b5 Kd4 48. b6 Ke4 49. Rh5 Kf3 50. Rg5 Ke4 51. b7 1-0

[Event "Challenge"]
[Site "http://www.queenalice.com/game.php?id=1436661"]
[Date "2016.8.17"]
[Round "-"]
[White "josebaron"]
[Black "reiterqueen"]
[Result "1-0"]
[WhiteElo "2012"]
[BlackElo "1356"]

1. e4 e5 2. Bc4 Nf6 3. d3 Bb4+ 4. c3 Bc5 5. Nf3 Ng4 6. O-O Nc6 7. h3 Nf6 8. a4
d6 9. b4 Nxb4 10. cxb4 Bxb4 11. Ba3 c5 12. Bxb4 cxb4 13. Qb3 a5 14. Bxf7+ Kf8
15. Nbd2 Bd7 16. Ng5 d5 17. Ne6+ Bxe6 18. Bxe6 dxe4 19. Nxe4 Ra6 20. Nxf6 Qxf6
21. Bc4 Rd6 22. Rae1 Rd4 23. Re4 Rxe4 24. dxe4 Ke7 25. Rd1 Rf8 26. f3 g5 27. Bb5
g4 28. Rd7+ Ke8 29. Rf7+ Kd8 30. Qd5+ Kc8 31. Qxb7+ Kd8 32. Qd7# 1-0

[Event "Challenge"]
[Site "http://www.queenalice.com/game.php?id=1439387"]
[Date "2016.9.3"]
[Round "-"]
[White "reiterqueen"]
[Black "simonajar"]
[Result "0-1"]
[WhiteElo "1372"]
[BlackElo "1509"]

1. e4 e5 2. d3 Nc6 3. Nc3 Bc5 4. Nf3 Nf6 5. Be2 d5 6. Bg5 Be6 7. exd5 Bxd5 8.
Nxd5 Qxd5 9. b3 Ng4 10. O-O O-O 11. Nh4 e4 12. Bxg4 Qxg5 13. Nf5 exd3 14. cxd3
Rad8 15. Rc1 b6 16. Re1 g6 17. h4 Qf4 18. Rc4 Nd4 19. Nxd4 Qxd4 20. Re3 Qb2 21.
Ra4 Bxe3 22. Rxa7 Qxf2+ 23. Kh1 Bf4 24. Qg1 Qxh4+ 25. Bh3 Qg3 26. Rxc7 Rxd3 27.
Rc4 Rd1 28. Rc3 Rxg1+ 29. Kxg1 Qe1# 0-1